000
00247nam a22001097a 4500
008
140109t xxu||||| |||| 00| 0 eng d
100
_a
Molvi feroz ud din
_9
602
245
_a
Feroz ul lughat
260
_b
Feroz sons
300
_a
000
942
_2
ddc
_c
BK
999
_c
16865
_d
16865